Loading...
| Literature - Long Fiction | 0 | 6 | 1 | 1 | 55 | 98 | 124.00 | 1 | 3 | 9.16 | 32.14 |
| Short Fiction and Other | 1 | 4 | 0 | 0 | 55 | 55 | 104.40 | 1 | 3 | 22.91 | 51.02 |
| Literature - Poetry | 2 | 1 | 3 | 1 | 25 | 68 | 107.67 | 1 | 2 | 10.21 | 20.00 |
| Fine Arts - Classical Music | 0 | 2 | 0 | 1 | 20 | 123 | 129.00 | 0 | 0 | 2.02 | 7.14 |
| Fine Arts - Other | 0 | 2 | 0 | 0 | 20 | 139 | 140.50 | 0 | 1 | 0.84 | 4.76 |
| Philosophy | 0 | 1 | 0 | 1 | 10 | 157 | 157.00 | 0 | 0 | 0.06 | 1.43 |
| Social Science | 0 | 1 | 0 | 0 | 10 | 131 | 131.00 | 0 | 0 | 0.10 | 1.90 |
| Literature - Drama | 0 | 1 | 2 | 0 | 0 | 105 | 105.00 | 0 | 0 | 4.19 | 7.14 |
| Other Academic | 0 | 0 | 1 | 0 | -5 | 0.00 | 0 | 0 | 0.00 | 0.00 | |
| Science - Biology | 0 | 0 | 1 | 0 | -5 | 0.00 | 0 | 0 | 0.00 | 0.00 | |
| Geography | 0 | 0 | 1 | 0 | -5 | 0.00 | 0 | 0 | 0.00 | 0.00 |